01364nam a2200337 a 4500001001000000005001700010041000800027044000800035084002000043100005000063245005400113260005900167300002900226440003200255500004700287500005600334500010000390500001000490546002400500650005700524650006100581650003900642650005000681700004700731700005000778740005000828902000800878942001100886999001500897952011400912BRCA_341120190320204253.0 aeng aenk a700b.H37c19301 aCervantes Saavedra, Miguel ded1547-1616921310aStories from Don QuixotecRetold by H. L. Havell. aLondres : Bombay : SidneybGeorge Harrap and Co.c1930 axix, 232 p.bil.c20 cm. 0aTold Through the Ages98952 aContenido : Texto compendiado de la novela aEdición : With 8 Illustrations by Ernest Marriott aEdición por completo igual a la anterior [699]. Tela; lomo y plano adornados Lúdovik Osterc aQMB50 aTexto en : inglés14aNovela españolayÉpoca clásica, 1500-1700921514aLiteratura españolayÉpoca clásica, 1500-1700921614aNovela españolaySiglo XVII921714aDon Quijote (Personaje ficticio)eNovela92181 aHavell, Herbert Lordd?-1913eEditor989531 aMarriott, Ernestd1882-1918eIlustrador989540 aEl Ingenioso Hidalgo Don Quijote de la Mancha aQFM 2lcccB c3147d3147 00104070aBRCAbBRCAd2009-04-13iQMB50l0o700 .H37 1930 (QMB50)p3408r2019-03-22 00:00:00w2019-03-22yB